Statystyki dla Flagi z największą liczbą gwiazdek

Kliknij tutaj aby rozwiązać quiz!

Ogólne statystyki

  • Ten quiz został rozwiązany 105 razy
  • Średni wynik to 9 z 23

Statystyki odpowiedzi

#kraj% Poprawnych
50Stany Zjednoczone
98%
6Australia
81%
4Nowa Zelandia
78%
5Chiny
73%
9Bośnia i Hercegowina
67%
4Mikronezja
61%
8Wenezuela
49%
9Tuvalu
43%
27Brazylia
40%
6Kosowo
40%
5Papua-Nowa Gwinea
38%
5Honduras
36%
5Samoa
36%
12Uzbekistan
36%
5Wyspy Salomona
23%
7Tadżykistan
20%
10Republika
Zielonego Przylądka
19%
5Singapur
19%
5Turkmenistan
17%
7Grenada
13%
4Komory
12%
10Dominika
11%
6Gwinea Równikowa
8%

Rozkład punktacji

Percentyl według liczby udzielonych odpowiedzi

Procent ludzi z każdym wynikiem

Twoja historia wyników

Nie rozwiązałeś tego quizu